|
|
|
|
| LEADER |
00000cam a2200000 a 4500 |
| 001 |
vtls008545946 |
| 003 |
SK-MaSNL |
| 005 |
20260301021435.0 |
| 008 |
240318s1968 xr a g 000 0 cze |
| 040 |
|
|
|a SNK
|b slo
|c SNK
|e AACR2
|
| 041 |
1 |
|
|a cze
|
| 043 |
|
|
|a e-cs---
|
| 044 |
|
|
|a xr
|c CZ
|
| 080 |
|
|
|a 32(091)
|2 2011
|
| 080 |
|
|
|a (437)
|2 2011
|
| 080 |
|
|
|a (048.8)
|2 2011
|
| 100 |
1 |
|
|a Olivová, Věra,
|d 1926-2015
|4 aut
|9 52536
|
| 245 |
1 |
0 |
|a Československo v rozrušené Evropě
|c Věra Olivová; [ilustrace Toyen]
|
| 250 |
|
|
|a 1. vydání
|
| 260 |
|
|
|a Praha
|b Melantrich
|c 1968
|
| 300 |
|
|
|a 260 stran
|c 21 cm
|
| 366 |
|
|
|e 6000 výtisků
|
| 650 |
0 |
7 |
|a politické dejiny
|2 SNKPH
|9 69271
|
| 650 |
0 |
7 |
|a Political history
|2 SNKPHeng
|9 277990
|
| 651 |
|
7 |
|a Československo
|x dejiny
|y 1918-1938
|2 SNKPH
|9 13800
|
| 651 |
|
7 |
|a Czechoslovakia
|x History
|2 SNKPHeng
|9 125910
|
| 655 |
|
7 |
|a monografie
|2 SNKPH
|9 70139
|
| 655 |
|
7 |
|a Monographs
|2 SNKPHeng
|9 120675
|
| 852 |
|
|
|a Slovenská národná knižnica v Martine
|b 10000
|h SD 33917
|
| 958 |
|
|
|a OND
|
| 999 |
|
|
|c 565352
|d 567282
|
| 952 |
|
|
|a SNK
|b SNK
|y VYP
|7 0
|p 17A1315013
|o snkSD 33917 D1
|i snkKIP 8362/68
|0 0
|1 0
|4 0
|d 2019-07-22
|l 0
|r 2026-02-23 13:55:59
|w 2026-02-23
|